000 00255nam a2200109 a 4500
005 20140513081050.0
008 020606s19uu xx 00 eng d
050 _aP 745.6
_bALP
245 _aAlphabet chart.
650 _aAlphabets--Poster
999 _c116293
_d116293